| 000 | 00341nam a2200145Ia 4500 | ||
|---|---|---|---|
| 008 | 180730s9999||||xx |||||||||||||| ||und|| | ||
| 020 | _a9789380231495 | ||
| 082 |
_a320 _bGAN/L |
||
| 100 | _aMYNENI, S. R. | ||
| 245 | 0 | _a POLITICAL SCIENCE | |
| 250 | _a3rd | ||
| 260 |
_aFaridabad _bAllahabad Law Agency _c2016 |
||
| 300 | _a608 | ||
| 942 | _cBK | ||
| 999 |
_c264 _d264 |
||